Normal view
MARC view
Entry Topical Term
001 - CONTROL NUMBER
- control field: 250633
003 - CONTROL NUMBER IDENTIFIER
- control field: OSt
005 - DATE AND TIME OF LATEST TRANSACTION
- control field: 20260107155458.0
008 - FIXED-LENGTH DATA ELEMENTS
- fixed length control field: 260107|| aca||aabn | a|a d
040 ## - CATALOGING SOURCE
- Original cataloging agency: OSt
- Transcribing agency: OSt
150 ## - HEADING--TOPICAL TERM
- Topical term or geographic name entry element: MAlatI
670 ## - SOURCE DATA FOUND
- Source citation: Work cat.: (OSt)146156: BHIMA BHATTA (N) ಮಾಧವ ಭೀಮ ಭಟ್ಟ (ಎನ್) 250632, Malati madhava, 1959